000 00486nam a2200193Ia 4500
005 20250508162320.0
008 008 250505s9999 xx 000 0 eng d
037 _aBooks to be hide in OPAC
040 _aFEDL
_beng
_cFEDL
041 _aeng
_2eng
084 _a510, MAL/O
_qFEDL
100 _aMalhotra
245 0 _aPure mathematics Vol. 1
300 _axiii,752p.
490 _vVol. 1
700 _a Gupta
942 _cHB
_h510, MAL/O
999 _c1375783
_d1375783